My camera, my life : (Record no. 29037)
[ view plain ]
| 000 -LEADER | |
|---|---|
| fixed length control field | 01097cam a2200313 i 4500 |
| 001 - CONTROL NUMBER | |
| control field | 19271663 |
| 003 - CONTROL NUMBER IDENTIFIER | |
| control field | OSt |
| 005 - DATE AND TIME OF LATEST TRANSACTION | |
| control field | 20170926153220.0 |
| 008 - FIXED-LENGTH DATA ELEMENTS--GENERAL INFORMATION | |
| fixed length control field | 160913s2016 tz a 000 0beng |
| 010 ## - LIBRARY OF CONGRESS CONTROL NUMBER | |
| LC control number | 2016342156 |
| 020 ## - INTERNATIONAL STANDARD BOOK NUMBER | |
| International Standard Book Number | 9789987753604 |
| 040 ## - CATALOGING SOURCE | |
| Original cataloging agency | DLC |
| Language of cataloging | eng |
| Transcribing agency | DLC |
| Description conventions | rda |
| 042 ## - AUTHENTICATION CODE | |
| Authentication code | lcode |
| -- | pcc |
| 043 ## - GEOGRAPHIC AREA CODE | |
| Geographic area code | f-ke--- |
| 050 00 - LIBRARY OF CONGRESS CALL NUMBER | |
| Classification number | PN5499.D45 2016 |
| 100 1# - MAIN ENTRY--PERSONAL NAME | |
| Personal name | Boy, Gordon. |
| 245 10 - TITLE STATEMENT | |
| Title | My camera, my life : |
| Remainder of title | Sir Mohinder Dhillion / |
| Statement of responsibility, etc. | narrated to and written by Gordon Boy and David Kaiza. |
| 264 #1 - PRODUCTION, PUBLICATION, DISTRIBUTION, MANUFACTURE, AND COPYRIGHT NOTICE | |
| Place of production, publication, distribution, manufacture | Dar es Salaam, Tanzania : |
| Name of producer, publisher, distributor, manufacturer | Mkuki na Nyota Publishers Ltd., |
| Date of production, publication, distribution, manufacture, or copyright notice | [2016] |
| 300 ## - PHYSICAL DESCRIPTION | |
| Extent | 3 volumes : |
| Other physical details | illustrations (some color) ; |
| Dimensions | 23 cm |
| 336 ## - CONTENT TYPE | |
| Content type term | text |
| Source | rdacontent |
| 337 ## - MEDIA TYPE | |
| Media type term | unmediated |
| Source | rdamedia |
| 338 ## - CARRIER TYPE | |
| Carrier type term | volume |
| Source | rdacarrier |
| 505 0# - FORMATTED CONTENTS NOTE | |
| Formatted contents note | pt. 1. 1931-1966 -- pt. 2. 1967-1985 -- pt. 3. 1986-. |
| 600 10 - SUBJECT ADDED ENTRY--PERSONAL NAME | |
| Personal name | Dhillon, Mohinder, |
| Dates associated with a name | 1931- |
| 650 #0 - SUBJECT ADDED ENTRY--TOPICAL TERM | |
| Topical term or geographic name as entry element | Photojournalists |
| Geographic subdivision | Kenya |
| Form subdivision | Biography. |
| 700 1# - ADDED ENTRY--PERSONAL NAME | |
| Personal name | Kaiza, David. |
| 906 ## - LOCAL DATA ELEMENT F, LDF (RLIN) | |
| a | 7 |
| b | cbc |
| c | origode |
| d | 2 |
| e | ncip |
| f | 20 |
| g | y-gencatlg |
| 942 ## - ADDED ENTRY ELEMENTS (KOHA) | |
| Source of classification or shelving scheme | |
| Koha item type | Special Collection |
| Classification part | PN5499.D45 2016 |
No items available.